| 000 | 01153nmc a2200385 a 4500 | ||
|---|---|---|---|
| 003 | AR-BaBNM | ||
| 005 | 20251128203241.0 | ||
| 008 | 011101s1991 ||||||||||||||000 | spa|| | ||
| 020 | _a950-507-319-4 | ||
| 040 | _cAR-BaBNM | ||
| 100 | 1 | _aPiovano de Coppoli, Silvia I. | |
| 245 | 1 | 0 |
_aEscribir derecho o derecho a escribir? _balgunas refexiones acerca de la ortografía, los chicos y la escuela; desde el enfoque psicogenético |
| 250 | _a2ª ed. | ||
| 260 |
_aBuenos Aires _bBonum _c1991 |
||
| 300 | 0 |
_a76 p. _bcuadros, il., |
|
| 490 | 0 | _aEducación y creatividad | |
| 500 | 0 | _aContiene índice temático y referencias bibliográficas | |
| 650 | 4 | _aESCRITURA | |
| 650 | 4 | _aORTOGRAFIA | |
| 650 | 4 | _aESCUELAS | |
| 650 | 4 | _aINFANCIA | |
| 650 | 4 | _aAPRENDIZAJE | |
| 650 | 4 | _aENSENANZA | |
| 650 | 4 | _aCONOCIMIENTO | |
| 650 | 4 | _aPSICOLOGIA APLICADA | |
| 650 | 4 | _aSIGNOS | |
| 650 | 4 | _aCOORDINACION EDUCACIONAL | |
| 650 | 4 | _aPSICOLOGIA DE LA EDUCACION | |
| 650 | 4 | _aCOORDINACION SENSOMOTRIZ | |
| 653 | _aCONSTRUCTIVISMO | ||
| 653 | _aLECTOESCRITURA | ||
| 700 | 1 |
_aOrtiz, Susana F. _eprologuista |
|
| 942 | _cBK | ||
| 998 | _cGLORIA | ||
| 999 |
_c2569 _d2569 |
||